L'Histoire de France de A à Z - Statistiques

Statistiques générales
  • Ce quiz a été pris 305 fois
  • Le résultat moyen est 15 sur 25
Statistiques - réponses
Lettre Question Réponse % Correct
B Napoléon, Louis ou encore Jérôme... Bonaparte
99%
L Fleur, symbole de la Royauté et de la monarchie française Lys
91%
N Édit signé dans cette ville en 1598 par Henri IV et accordant la liberté de culte aux protestants. Il sera révoqué plus tard par Louis XIV. Nantes
88%
G Brennus et Vercingétorix sont parmi les plus notables ayant appartenu à ce peuple. Gaulois
86%
V Château le plus célèbre de l'histoire de France, et sans doute le plus célèbre d'Europe. Versailles
83%
Z Émile ...., romancier et écrivain français. Zola
83%
E Le plus célèbre est sans doute Charlemagne Empereur
81%
M Plus célèbre bataille remportée par François Ier en janvier 1515 Marignan
81%
H Prénom du premier Roi de la dynastie des Capétiens Hugues
73%
I Bâtiment et institution créé à la demande de Louis XIV et ouverte en 1678, destinée initialement à accueillir les blessés de guerre ou à honorer la mémoire des soldats tombés pour la France (Voir photo) Invalides
72%
Y Département créé en 1968, portant le numéro 78. Yvelines
69%
R Anne d'Autriche ou encore Blanche de Castille l'ont assurée. (La ..... Régence
66%
S Seul Roi canonisé par l'Église Catholique. Il est fêté le 25 août de chaque année. Saint-Louis
58%
P Célèbre maîtresse puis confidente de Louis XV nommée Jeanne-Antoinette Poisson et ayant été faite marquise du même nom. Pompadour
56%
O Dynastie succédant aux Bourbons et dont le seul monarque fut Louis-Philippe. Orléans
52%
T Jean de Lattre de..... , Maréchal de France. Tassigny
49%
D Épée légendaire de Roland Durandal
41%
K Îles situées dans un archipel de l'océan Indien austral, et devant leur nom à cet officier de marine français du 18ème Siècle prénommé Yves-Joseph. Kerguelen
41%
F Ancien nom de la France, à l'époque de Charles le Chauve Francie
38%
Q Bataille se déroulant dans la baie du même nom et voyant s'affronter les Républicains français et les Royalistes vendéens en 1795. C'est aujourd'hui une destination très appréciée de Bretagne. Quiberon
35%
J Révolte d'une partie de la paysannerie ayant été menée par le Prévôt des marchands de Paris Étienne Marcel en 1358. ( Grande .......) Jacquerie
33%
U Le développement de cette cité est antérieur à la construction du pont du Gard qui amenait l'eau de la fontaine d'Eure jusqu'à Nîmes et dont la construction remonte au ier siècle de notre ère. Uzès
29%
W Bataille des Guerres napoléonniennes remportée par Napoléon en 1809. Wagram
29%
A Ils s'opposent aux Bourguignons durant la Guerre de Cent Ans Armagnacs
20%
C Grade décerné notamment à Bertrand du Guesclin Connétable
20%
Aucun quiz correspondant
Distribution des résultats
% des personnes avec chaque résultat
Percentile par nombre de réponses
Votre historique - résultats
Vous n’avez pas pris ce quiz